Rulers of India : (Record no. 553193)

000 -LEADER
fixed length control field 00425cam a22001333u 4500
082 ## - DEWEY DECIMAL CLASSIFICATION NUMBER
Classification number 954.03
Author Mark CUL
100 1# - MAIN ENTRY--PERSONAL NAME
Personal name Hunter, William Wilson.
9 (RLIN) 49482
245 10 - TITLE STATEMENT
Title Rulers of India :
Remainder of title The Earl of Mayo /
Statement of responsibility, etc. William Wilson Hunter.
500 ## - GENERAL NOTE
General note Title from content provider.
526 ## - STUDY PROGRAM INFORMATION NOTE
Program name 0
Interest level 0
Reading level 0
Title point value 954_030000000000000_CUL
650 ## - SUBJECT ADDED ENTRY--TOPICAL TERM
Topical term or geographic name entry element MCE
9 (RLIN) 379
856 40 - ELECTRONIC LOCATION AND ACCESS
Uniform Resource Identifier <a href="http://www.columbia.edu/cgi-bin/cul/resolve?clio8995922">http://www.columbia.edu/cgi-bin/cul/resolve?clio8995922</a>
942 ## - ADDED ENTRY ELEMENTS (KOHA)
Source of classification or shelving scheme
Koha item type Book
Holdings
Withdrawn status Lost status Source of classification or shelving scheme Damaged status Not for loan Permanent Location Current Location Shelving location Date acquired Total Checkouts Full call number Barcode Date last seen Price effective from Koha item type
          Military College of Engineering (MCE) Military College of Engineering (MCE)   02/02/2015   954.03 CUL MCE-ECR.29 02/02/2015 02/02/2015 Book
© 2023 Central Library, National University of Sciences and Technology. All Rights Reserved.